| 000 | 01088nam a2200301Ia 4500 | ||
|---|---|---|---|
| 001 | Para_8719 | ||
| 003 | CHAP | ||
| 008 | 220125s2002 xx 000 0 und d | ||
| 010 | _a205247 | ||
| 040 | _cCHAP | ||
| 090 | _aPA TESIS 1715 | ||
| 100 |
_aCárdenas Lozano, Jesús Antonio _924073 |
||
| 245 |
_aEvaluación del clon FHIA-01 al daño de Mycosphaerella fijiensis (Cercospora fijiensis) en tres cultivares de plátano en la costa de Nayarit / _c por Jesús Antonio Cárdenas Lozano |
||
| 260 |
_aChapingo, Méx. : _b el autor |
||
| 300 | _a56 h. | ||
| 502 | _aTesis (Ing. Agr. Esp. en Parasitología Agrícola) -- UACh. Departamento Parasitología Agrícola | ||
| 650 |
_aMycosphaerella fijiensis _979933 |
||
| 650 |
_aPlátano _x enfermedades por hongos _9164496 |
||
| 650 |
_aPlátano _x variedades _989276 |
||
| 710 |
_aUACh. Departamento Parasitología Agrícola _9164025 |
||
| 901 | _aPA TESIS 1715 | ||
| 902 | _aA | ||
| 905 | _a0000002002 an 0000000000 00 | ||
| 910 | _a2002 | ||
| 942 | _cPARA | ||
| 942 |
_cPARA _d1 |
||
| 999 |
_c205247 _d205247 |
||